BUBT Library Online Catalog

রাজস্ব আইন / (Record no. 4068)

000 -LEADER
fixed length control field 00949nam a2200241Ia 4500
003 - CONTROL NUMBER IDENTIFIER
control field BUBTL
008 - FIXED-LENGTH DATA ELEMENTS--GENERAL INFORMATION
fixed length control field 151213s9999 xx 000 0 und d
020 ## - INTERNATIONAL STANDARD BOOK NUMBER
International Standard Book Number 9848470131
041 ## - LANGUAGE CODE
Language code of text/sound track or separate title বাংলা
082 ## - DEWEY DECIMAL CLASSIFICATION NUMBER
Edition number ৪র্থ সং
Classification number 343.043/ Sa191f/ 2010
100 ## - MAIN ENTRY--PERSONAL NAME
Personal name সাহা, বিপ্লব কুমার
9 (RLIN) 5793
245 ## - TITLE STATEMENT
Title রাজস্ব আইন /
Statement of responsibility, etc. বিপ্লব কুমার সাহা ও এ. টি. এম. মোরশেদ আলম
250 ## - EDITION STATEMENT
Edition statement ৪র্থ সং
260 ## - PUBLICATION, DISTRIBUTION, ETC. (IMPRINT)
Place of publication, distribution, etc. ঢাকা :
Name of publisher, distributor, etc. বাংলদেশ ’ল’ বুক কোম্পানী,
Date of publication, distribution, etc. c2010
300 ## - PHYSICAL DESCRIPTION
Extent 351 p. :
Other physical details ill. ; 20 cm.
526 ## - STUDY PROGRAM INFORMATION NOTE
Program name Law
650 #0 - SUBJECT ADDED ENTRY--TOPICAL TERM
Topical term or geographic name as entry element Law
9 (RLIN) 2126
650 ## - SUBJECT ADDED ENTRY--TOPICAL TERM
Topical term or geographic name as entry element
700 ## - ADDED ENTRY--PERSONAL NAME
Personal name বিপ্লব কুমার সাহা ও এ. টি. এম. মোরশেদ আলম
9 (RLIN) 5794
856 ## - ELECTRONIC LOCATION AND ACCESS
Password 0
Logon 0
Link text Download
942 ## - ADDED ENTRY ELEMENTS (KOHA)
Source of classification or shelving scheme
Koha item type Books
Holdings
Withdrawn status Lost status Source of classification or shelving scheme Damaged status Not for loan Collection code Permanent location Current location Shelving location Date acquired Source of acquisition Inventory number Total Checkouts Full call number Barcode Date last seen Copy number Price effective from Koha item type
        Not For Loan Non-fiction Bangladesh University of Business and Technology Library Bangladesh University of Business and Technology Library Law Stacks 08/18/2010 Purchase 8056   343.043/ Sa191f/ 2010 BUBTL-20038056 03/29/2024 C-1 03/29/2024 Books
          Non-fiction Bangladesh University of Business and Technology Library Bangladesh University of Business and Technology Library Law Stacks 08/18/2010 Purchase 8057   343.043/ Sa191f/ 2010 BUBTL-20038057 03/29/2024 C-2 03/29/2024 Books
        Not For Loan Non-fiction Bangladesh University of Business and Technology Library Bangladesh University of Business and Technology Library Law Stacks 08/18/2010 Purchase 8058   343.043/ Sa191f/ 2010 BUBTL-20038058 03/29/2024 C-3 03/29/2024 Books

More Information About Library

Library Hours

  • Open: 9.00 am. to 9.00 pm.
  • Only Sunday: 9.00 am. to 6.00 pm.
  • Closed: Holiday

Contact to the University

Bangladesh University of Business and Technology Library

  • Mirpurl-2, 1216.
  • Phone:
  • Fax:
  • E-Mail: admin.library@bubt.edu.bd

Contact to the Library

Contact Person:

Md. Abdul Hakim Shah
Joint Librarian
PABX No:  113
Cell No: 01816332931
E-mail: official: admin.library@bubt.edu.bd
Personal: hakim.shah@bubt.edu.bd


BUBT Library

Copyright © 2021